| 000 | 00380nam a2200145Ia 4500 | ||
|---|---|---|---|
| 008 | 230917s9999||||xx |||||||||||||| ||und|| | ||
| 040 |
_e5007078 _aMAIN |
||
| 041 | _aEnglish | ||
| 082 | _a388.10954558 A55I | ||
| 100 | _aAnita | ||
| 245 | 0 | _aImpact of job satisfaction of employees on financial performance of Haryana Roadways | |
| 260 | _c2021 | ||
| 300 | _a228 p. | ||
| 942 | _cBK | ||
| 999 |
_c9753 _d9753 |
||